000 00905nac a22002537a 4500
001 BR8207104
003 BR-BrBNA
005 20240105115558.0
008 230509b bl.|||m| |||| 00| 0 por d
040 _aBR-BrBNA
_bpor
_cBiblioteca Nacional de Agricultura
072 _aJ15; E50
090 _aJ15 BR8207104
110 1 _aCooperativa Central dos Produtores de Acucar e Alcool do Estado de Sao Paulo, Sao Paulo (Brasil)
_92827
245 1 _aArmazenamento, manuseio, utilizacao e pintura de cilindros de gases comprimidos. Normas de seguranca
260 3 _aSao Paulo, SP (Brasil):
_c[nd].
300 _a8 P.
490 _aCadernos Copersucar. Serie Seguranca Agroindustrial (Brazil)
_vno. 20
_x
500 _a7 illus.; Published 1982?
650 _aGAS
650 _aARMAZENAMENTO
650 _aPREVENCAO DE ACIDENTE
909 _a202312
_bLúcia Elande
_c55
_dLúcia Elande
942 _2AGRIS
_n0
_cMS
999 _c275406
_d275406